| 000 | 00506nam a2200181Ia 4500 | ||
|---|---|---|---|
| 001 | 23911 | ||
| 005 | 20260414151008.0 | ||
| 008 | 260414t2017||||xx |||||||||||||| ||spa|| | ||
| 041 | _aESP | ||
| 082 |
_a720.985 _bA77 |
||
| 100 |
_aArrieta Álvarez, Ada _eAUT |
||
| 245 | 0 |
_aMiradas en el aire : _blos balcones limeños en la memoria fotográfica, Archivo Histórico Riva-Agüero |
|
| 260 | _c2017 | ||
| 300 |
_a260 páginas : _c27 cm. |
||
| 650 | _aABD | ||
| 654 | _aCAU | ||
| 942 |
_cLIB _dJUS _fJUS _2ddc _n |
||
| 999 |
_c23911 _d23911 |
||